Thinking chemistry
Salvato in:
| Autore principale: | |
|---|---|
| Altri autori: | |
| Natura: | Sconosciuto |
| Lingua: | portoghese inglese |
| Pubblicazione: |
Oxford
University Press
1992 reprinted
|
| Catalogo: | MANES: Risultati della ricerca del catalogo della biblioteca |
| Libro di testo Classificazione: |
|
| Tags: |
Aggiungi Tag
Nessun Tag, puoi essere il primo ad aggiungerne!!
|
| Aggiunto a: | 2016-04-26 |
| Cambiato in: | 2025-04-25 |
MARC
| LEADER | 000000000a22000000004500 | ||
|---|---|---|---|
| 001 | 29787 | ||
| 003 | OSt | ||
| 005 | 20250425111525.0 | ||
| 008 | 160427s pt ||||| |||| 00| 0 por d | ||
| 040 | |c centro_manes | ||
| 041 | 1 | |a eng | |
| 100 | 1 | |a Lewis, Michael |9 16092 | |
| 245 | 0 | 0 | |a Thinking chemistry |
| 260 | 3 | |a Oxford |b University Press |c 1992 reprinted | |
| 300 | |a 409 p.; | ||
| 561 | |5 pt-BNP |a Portugal. Biblioteca Nacional de Portugal |k MANES | ||
| 691 | |a SE | ||
| 690 | |a FQ | ||
| 700 | 1 | |a Waller, Gruy |9 16093 | |
| 942 | |2 ddc |c BK | ||
| 546 | |a Portugal | ||
| 999 | |c 31249 |d 31249 | ||
| 999 | |c manes:31249 |d 31249 | ||